|
|
|
|
| LEADER |
02891nam a22005535i 4500 |
| 001 |
978-3-319-61494-6 |
| 003 |
DE-He213 |
| 005 |
20171003200629.0 |
| 007 |
cr nn 008mamaa |
| 008 |
171003s2017 gw | s |||| 0|eng d |
| 020 |
|
|
|a 9783319614946
|9 978-3-319-61494-6
|
| 024 |
7 |
|
|a 10.1007/978-3-319-61494-6
|2 doi
|
| 040 |
|
|
|d GrThAP
|
| 050 |
|
4 |
|a QA370-380
|
| 072 |
|
7 |
|a PBKJ
|2 bicssc
|
| 072 |
|
7 |
|a MAT007000
|2 bisacsh
|
| 082 |
0 |
4 |
|a 515.353
|2 23
|
| 100 |
1 |
|
|a Carrillo, José Antonio.
|e author.
|
| 245 |
1 |
0 |
|a Nonlocal and Nonlinear Diffusions and Interactions: New Methods and Directions
|h [electronic resource] :
|b Cetraro, Italy 2016 /
|c by José Antonio Carrillo, Manuel del Pino, Alessio Figalli, Giuseppe Mingione, Juan Luis Vázquez ; edited by Matteo Bonforte, Gabriele Grillo.
|
| 264 |
|
1 |
|a Cham :
|b Springer International Publishing :
|b Imprint: Springer,
|c 2017.
|
| 300 |
|
|
|a IX, 280 p. 29 illus., 24 illus. in color.
|b online resource.
|
| 336 |
|
|
|a text
|b txt
|2 rdacontent
|
| 337 |
|
|
|a computer
|b c
|2 rdamedia
|
| 338 |
|
|
|a online resource
|b cr
|2 rdacarrier
|
| 347 |
|
|
|a text file
|b PDF
|2 rda
|
| 490 |
1 |
|
|a Lecture Notes in Mathematics,
|x 0075-8434 ;
|v 2186
|
| 520 |
|
|
|a Presenting a selection of topics in the area of nonlocal and nonlinear diffusions, this book places a particular emphasis on new emerging subjects such as nonlocal operators in stationary and evolutionary problems and their applications, swarming models and applications to biology and mathematical physics, and nonlocal variational problems. The authors are some of the most well-known mathematicians in this innovative field, which is presently undergoing rapid development. The intended audience includes experts in elliptic and parabolic equations who are interested in extending their expertise to the nonlinear setting, as well as Ph.D. or postdoctoral students who want to enter into the most promising research topics in the field.
|
| 650 |
|
0 |
|a Mathematics.
|
| 650 |
|
0 |
|a Functional analysis.
|
| 650 |
|
0 |
|a Partial differential equations.
|
| 650 |
|
0 |
|a Mathematical physics.
|
| 650 |
1 |
4 |
|a Mathematics.
|
| 650 |
2 |
4 |
|a Partial Differential Equations.
|
| 650 |
2 |
4 |
|a Functional Analysis.
|
| 650 |
2 |
4 |
|a Mathematical Applications in the Physical Sciences.
|
| 700 |
1 |
|
|a del Pino, Manuel.
|e author.
|
| 700 |
1 |
|
|a Figalli, Alessio.
|e author.
|
| 700 |
1 |
|
|a Mingione, Giuseppe.
|e author.
|
| 700 |
1 |
|
|a Vázquez, Juan Luis.
|e author.
|
| 700 |
1 |
|
|a Bonforte, Matteo.
|e editor.
|
| 700 |
1 |
|
|a Grillo, Gabriele.
|e editor.
|
| 710 |
2 |
|
|a SpringerLink (Online service)
|
| 773 |
0 |
|
|t Springer eBooks
|
| 776 |
0 |
8 |
|i Printed edition:
|z 9783319614939
|
| 830 |
|
0 |
|a Lecture Notes in Mathematics,
|x 0075-8434 ;
|v 2186
|
| 856 |
4 |
0 |
|u http://dx.doi.org/10.1007/978-3-319-61494-6
|z Full Text via HEAL-Link
|
| 912 |
|
|
|a ZDB-2-SMA
|
| 912 |
|
|
|a ZDB-2-LNM
|
| 950 |
|
|
|a Mathematics and Statistics (Springer-11649)
|